Příroda plná překvapení /

Další autoři: Albouy, Vincent, Adam, Christine, 1952-
Jazyk: Čeština
Vydáno: Praha : Reader's Digest, 2010
Vydání: Vyd. 1.
Témata:
Fyzický popis: 397 s. : barev. il., mapy ; 31 cm
Knihy
Uloženo v:
LEADER 02040nam a2200577 a 4500
001 nkc20102091543
003 CZ PrNK
005 20100625142135.0
007 ta
008 100319s2010 xr ab e f 001 0 cze
015 |a cnb002091543 
020 |a 978-80-7406-105-9  |q (váz.) 
035 |a (OCoLC)649799936 
040 |a ABA001  |b cze 
041 1 |a cze  |h fre 
072 7 |a 502  |x Životní prostředí a jeho ochrana  |2 Konspekt  |9 2 
080 |a 502.2  |2 MRF 
080 |a 591.5  |2 MRF 
080 |a 581.5  |2 MRF 
080 |a 524.8  |2 MRF 
080 |a 55  |2 MRF 
080 |a 0/9  |2 MRF 
080 |a (0.062)  |2 MRF 
245 0 0 |a Příroda plná překvapení /  |c [autoři Vincent Albouy ... et al. ; ilustrace Christine Adam ... et al. ; z francouzského originálu ... přeložily Barbara Škopová, Lucie Koryntová a Daniela Degtěvová] 
250 |a Vyd. 1. 
260 |a Praha :  |b Reader's Digest,  |c 2010 
300 |a 397 s. :  |b barev. il., mapy ;  |c 31 cm 
500 |a Obsahuje rejstřík 
650 0 7 |a příroda  |7 ph115994  |2 czenas 
650 0 7 |a ekologie živočichů  |7 ph114419  |2 czenas 
650 0 7 |a ekologie rostlin  |7 ph119819  |2 czenas 
650 0 7 |a vesmír  |7 ph116566  |2 czenas 
650 0 7 |a vědy o Zemi  |7 ph127381  |2 czenas 
650 0 7 |a všeobecnosti a zajímavosti  |7 ph116736  |2 czenas 
650 0 9 |a nature  |2 eczenas 
650 0 9 |a animal ecology  |2 eczenas 
650 0 9 |a plant ecology  |2 eczenas 
650 0 9 |a universe  |2 eczenas 
650 0 9 |a Earth science  |2 eczenas 
650 0 9 |a facts and features  |2 eczenas 
655 7 |a populárně-naučné publikace  |7 fd131864  |2 czenas 
655 9 |a popular works  |2 eczenas 
700 1 |a Albouy, Vincent  |7 jx20100531010  |4 aut 
700 1 |a Adam, Christine,  |d 1952-  |7 ola2004219934  |4 ill 
765 0 |t Prodigieux secrets de la nature  |9 Česky 
910 2 |a BOA001  |b 4-1243.875 
928 9 |a Reader's Digest Výběr 
990 |a BK 
995 |a 01 
991 |b 201006  |c NOV  |j 502 PŘÍ 
996 6 |b 2610438287  |c 4-1243.875  |l MZK  |r Sklad / do 1 hodiny  |n 0  |p p.v.  |w 001124207  |u 000010  |a 1  |e BOA001  |j MZK50  |s P